A practical introduction to denotational semantics

Αποθηκεύτηκε σε:
Λεπτομέρειες βιβλιογραφικής εγγραφής
Κύριος συγγραφέας: Allison, Lloyd
Μορφή: Βιβλίο
Γλώσσα:English
Δημοσίευση: Cambridge [Cambridgeshire] : New York : Cambridge University Press, 1986
Σειρά:Cambridge computer science texts ; ; 23
Θέματα:
Ετικέτες: Προσθήκη ετικέτας
Δεν υπάρχουν, Καταχωρήστε ετικέτα πρώτοι!

MARC

LEADER 00000cam a2200000 i 4500
001 1/37339
008 941103s19861989 eng d
020 |a 0521314232 
035 |l 10040484 
035 |a 1990 
040 |a GR-MY-UA  |b gre  |e aacr 
041 0 |a eng 
082 0 |a 005.13 
100 1 |a Allison, Lloyd. 
245 1 2 |a A practical introduction to denotational semantics /  |c Lloyd Allison 
260 |a Cambridge [Cambridgeshire] :   |a New York :   |b Cambridge University Press,   |c 1986 
300 |a xii, 132 p.;  |b ill.;  |c 24 cm. 
490 1 |a Cambridge computer science texts  |v ; 23 
500 |a Bibliography: p. [127]-129 
500 |a Includes indexes 
650 0 0 |a Programming languages (Electronic computers)  |x Semantics. 
830 0 |a Cambridge computer science texts ;  |v ; 23 
852 |a INST  |b SAMOS  |e 19941103  |h 005.13 ALL  |p 005300002290  |q 005300002290  |t BK  |y 0 
909 |a Σ  |b 016969